Generazioni dei Pokémon - Quiz n°20 - Statistics

Statistiche generali
  • Questo quiz è stato fatto 2 volte
  • Il punteggio medio è 7 su 15
Statistiche sulle risposte
Hint Risposta % Corretto
Goldeen Prima
100%
Cresselia Quarta
100%
Veluza Nona
50%
Toxicroak Quarta
50%
Probopass Quarta
50%
Galvantula Quinta
50%
Feraligatr Seconda
50%
Golisopod Settima
50%
Armaldo Terza
50%
Sableye Terza
50%
Deoxys Terza
50%
Flittle Nona
0%
Sneasler Ottava
0%
Regieleki Ottava
0%
Cosmog Settima
0%
Nessun quiz corrispondente trovato
Distribuzione punteggi
Percentuale di utenti per punteggio
Percentile per numero di risposta
I tuoi punteggi nel tempo
Non hai fatto questo quiz